00533nam a2200145 a 450000100100000000500170001000800410002702000150006804000250008310000280010824501290013626000520026530000210031750000490033800003973120201002033714.0130718s2003 xxu 000 0 spa d a081664165X aDO-SdBNPbspacBNPHU1 aWeissberger, Barbara F.10aIsabel Rules : constructing queenship, wielding power / :bconstructing queenship, wielding power /cBarbara F. Weissberger. aLondon :bUniversity of Minnesota Press,c2003. a326 p. ;c24 cm. aIncluye notas y referencias bibliográficas